Statistics for Lego Ninjago Characters by Picture

Click here to take the quiz!

General Stats

  • This quiz has been taken 49 times
    (25 since last reset)
  • The average score is 44 of 144

Answer Stats

Answer% Correct
Kai
100%
Cole
91%
Jay
91%
Lloyd
91%
Zane
91%
Lord Garmadon
87%
Nya
87%
Wu
87%
Grand Sensei Dareth
83%
Misako
78%
P.I.X.A.L.
74%
Pythor
74%
Skylor
70%
Falcon
65%
Master Chen
65%
Skales
65%
Karlof
61%
Morro
61%
OverLord
61%
Samukai
61%
Tox
61%
Bolobo
57%
Captain Soto
57%
Cyrus Borg
57%
Edna
57%
Ronin
57%
Ed
52%
Great Devourer
52%
Neuro
48%
Ash
43%
Clouse
43%
Dr. Julien
43%
Griffin Turner
43%
Lil' Nelson
43%
Ultra Dragon
43%
Harumi
39%
Jacob Pevsner
39%
Lou
39%
Maya
39%
Mr. Pale
39%
Nadakhan
39%
Ray
39%
Shade
39%
Acronix
35%
Gravis
35%
Kodokuna Yang
35%
Min-Droid
35%
Mr. E
35%
Mystake
35%
Nuckal
35%
The Preeminent
35%
Clutch Powers
30%
Echo Zane
30%
Fangtom
30%
Kruncha
30%
Krux
30%
Acidicus
26%
Akita
26%
Aspheera
26%
Bansha
26%
Chamille
26%
Cliff Gordon
26%
Eyezor
26%
Fugi-Dove
26%
Gayle Gossip
26%
General Cryptor
26%
General Kozu
26%
Killow
26%
King Benthomaar
26%
No-Eyed Pete
26%
Skalidor
26%
Skull Sorcerer
26%
Vania
26%
Vinny Folson
26%
Antonia
22%
Arcturus
22%
Flintlocke
22%
Ghoultar
22%
Heavy Metal
22%
Jake
22%
Nyad
22%
Okino
22%
Racer Seven
22%
Sally
22%
Scott
22%
The First Spinjitzu Master
22%
The Mechanic
22%
The Omega
22%
The Postman
22%
Ultra Violet
22%
Unagami
22%
Clancee
17%
Firstbourne
17%
Giant Stone Warrior
17%
Iron Baron
17%
Laval
17%
Monkey Wrench
17%
Soul Archer
17%
Twitchy Tim
17%
Wojira
17%
Wyplash
17%
Char
13%
Chew Toy
13%
Dogshank
13%
Doubloon
13%
Jet Jack
13%
Lilly
13%
Milton Dyer
13%
Muzzle
13%
Police Commissioner
13%
Supreme Commander Machia
13%
Vex the Formless
13%
Zugu
13%
Arkade
9%
Chief Mammatus
9%
Colossus
9%
Commander Blunck
9%
Commander Raggmunk
9%
Cragger
9%
Fungus
9%
Grief-Bringer
9%
Grimfax
9%
Hounddog McBrag
9%
Hutchins
9%
King Kalmaar
9%
Miss Demeanor
9%
Queen Murtessa
9%
Simon
9%
Sorla
9%
Tommy
9%
Wrayth
9%
Bob the Intern
4%
Cecil Putnam
4%
Daddy No Legs
4%
Hailmar
4%
Kataru
4%
Korgran
4%
Plundar
4%
PoulErik
4%
Ritchie
4%
Shifty
4%
Sushimi
4%
Ulysses Norville Trustable
4%
Warden Noble
4%

Score Distribution

Percentile by Number Answered

Percent of People with Each Score

Your Score History

You have not taken this quiz since the last reset